Science Quiz

Random Science or Minefield Quiz

Animal Bunker Quiz Stats

Quiz Updated May 8, 2017

Challenge
Share
Tweet
Embed
Score 0/15 Timer 05:00
26 Plays Today
Question Answer % Correct
????
100%
????
97%
????
90.8%
????
76.6%
????
59.9%
????
59.2%
????
43.5%
????
36.8%
Question Answer % Correct
????
35.8%
????
23%
????
14.8%
????
12.7%
????
7.1%
????
6.2%
????
3.2%

You're not logged in!

Compare scores with friends on all Sporcle quizzes.
Sign Up with Email
OR
Log In

You Might Also Like...

Show Comments

Extras

Top Quizzes Today


Score Distribution

Your Account Isn't Verified!

In order to create a playlist on Sporcle, you need to verify the email address you used during registration. Go to your Sporcle Settings to finish the process.